000 00746cam a22002533a 4500
001 28747
003 PGUSA
005 20140828083625.0
008 090510s2009||||xxu|||||s|||||000 | eng d
040 _aPGUSA
_beng
042 _adc
050 4 _aAC
050 4 _aPS
100 1 _aHolmes, Oliver Wendell,
_d1809-1894
245 1 4 _aThe Works Of Oliver Wendell Holmes :
_bAn Index of the Project Gutenberg Editions
_h[electronic resource] /
_cOliver Wendell Holmes
260 _bProject Gutenberg,
_c2009
506 _aPublic domain in the USA.
516 _aElectronic text
653 _aIndexes
700 1 _aWidger, David,
_d1932-
830 0 _aProject Gutenberg
_v28747
856 4 0 _uhttp://www.gutenberg.org/ebooks/28747
942 _cEB
999 _c258002
_d258002